| 000 | 00353nam a2200121Ia 4500 | ||
|---|---|---|---|
| 008 | 230907s9999||||xx |||||||||||||| ||und|| | ||
| 082 |
_a70.422 _bTAR |
||
| 245 | 0 | _aاُلّو ہمارے بھائی ہیں ، Ullo hamary bhai hain / | |
| 260 |
_aSang-E-Meel Publications, _bLahore : _c2017 |
||
| 300 | _a272 p. | ||
| 650 | _aUrdu Literature | ||
| 942 | _cBK | ||
| 999 |
_c599711 _d599711 |
||